00448nam a2200169Ia 4500003000400000005001700004008004100021020001800062040000700080041000800087082001800095100003000113245006900143260003600212300001700248365001300265OSt20230317111614.0210423s2005 xx 000 0 und d a9788131217351 cAL aeng a660.2815 QUIC aQUINN (Charles M);others. aComputational quantum chemistry II: the group theory calculator. aNew DelhibAcademic Pressc2005 aviii,188bPB b695cINR